Normal view
MARC view
Entry Personal Name
001 - CONTROL NUMBER
- control field: 67682
003 - CONTROL NUMBER IDENTIFIER
- control field: dpl
005 - DATE AND TIME OF LATEST TRANSACTION
- control field: 20240624170330.0
008 - FIXED-LENGTH DATA ELEMENTS
- fixed length control field: 240624|| aca||aabn | a|a d
040 ## - CATALOGING SOURCE
- Original cataloging agency: dpl
- Transcribing agency: dpl
100 ## - HEADING--PERSONAL NAME
- Personal name: Ali, Salim
670 ## - SOURCE DATA FOUND
- Source citation: Work cat.: (dpl)203687: Ali, Salim, Words For Birds:, 2021
